Sobre las pasiones consideradas como causas, síntomas y remedios de la alienación mental / (Record no. 15648)

MARC details
000 -LEADER
campo de control de longitud fija 01158nam a2200313 i 4500
001 - NÚMERO DE CONTROL
campo de control 15648
003 - IDENTIFICADOR DE NÚMERO DE CONTROL
campo de control ES-MaACL
005 - FECHA Y HORA DE LA ÚLTIMA TRANSACCIÓN
campo de control 20250901041011.0
007 - CAMPO FIJO DE DESCRIPCIÓN FÍSICA--INFORMACIÓN GENERAL
campo de control de longitud fija t|
008 - DATOS DE LONGITUD FIJA--INFORMACIÓN GENERAL
campo de control de longitud fija 000418s2000 sp ||||1| spa d
020 ## - NÚMERO INTERNACIONAL ESTÁNDAR DEL LIBRO
Número Internacional Estándar del Libro 84-95287-02-1
080 ## - NÚMERO DE LA CLASIFICACIÓN DECIMAL UNIVERSAL
Número de la Clasificación Decimal Universal 159.942
080 ## - NÚMERO DE LA CLASIFICACIÓN DECIMAL UNIVERSAL
Número de la Clasificación Decimal Universal 616.89(04)
100 1# - ENTRADA PRINCIPAL--NOMBRE DE PERSONA
Nombre de persona Esquirol, Etienne-Dominique.
9 (RLIN) 47972
245 10 - MENCIÓN DEL TÍTULO
Título Sobre las pasiones consideradas como causas, síntomas y remedios de la alienación mental /
Mención de responsabilidad, etc. Etienne Esquirol. La filosofía de la locura / Joseph Daquin ; prólogo de José Luis Peset.
260 ## - PUBLICACIÓN, DISTRIBUCIÓN, ETC.
Lugar de publicación, distribución, etc. Madrid :
Nombre del editor, distribuidor, etc. Asociación Española de Neuropsiquiatría,
Fecha de publicación, distribución, etc. 2000.
300 ## - DESCRIPCIÓN FÍSICA
Extensión 199 p. ;
Dimensiones 21 cm.
490 1# - MENCIÓN DE SERIE
Mención de serie Historia ;
Designación de volumen o secuencia 8
650 #7 - PUNTO DE ACCESO ADICIONAL DE MATERIA--TÉRMINO DE MATERIA
Término de materia o nombre geográfico como elemento de entrada Emociones y sentimientos
Fuente del encabezamiento o término embne
9 (RLIN) 12196
650 #7 - PUNTO DE ACCESO ADICIONAL DE MATERIA--TÉRMINO DE MATERIA
Término de materia o nombre geográfico como elemento de entrada Enfermedades mentales
Fuente del encabezamiento o término embne
9 (RLIN) 12263
650 14 - PUNTO DE ACCESO ADICIONAL DE MATERIA--TÉRMINO DE MATERIA
Término de materia o nombre geográfico como elemento de entrada Psiquiatría-
Subdivisión de forma Obras anteriores a 1800.
9 (RLIN) 16593
700 1# - ENTRADA AGREGADA--NOMBRE PERSONAL
Nombre de persona Daquin, Joseph.
9 (RLIN) 42683
700 1# - ENTRADA AGREGADA--NOMBRE PERSONAL
Nombre de persona Peset, José Luis.
9 (RLIN) 91433
710 2# - ENTRADA AGREGADA--NOMBRE DE ENTIDAD CORPORATIVA
Nombre de entidad corporativa o nombre de jurisdicción como elemento de entrada Asociación Española de Neuropsiquiatría.
9 (RLIN) 1677
740 3# - ENTRADA AGREGADA--TÍTULO RELACIONADO/ANALÍTICO NO CONTROLADO
Título relacionado o analítico no controlado La filosofía de la locura.
830 0# - PUNTO DE ACCESO ADICIONAL DE SERIE-TÍTULO UNIFORME
Título uniforme Historia ;
Designación de volumen o secuencia 8
9 (RLIN) 177536
852 ## - LOCALIZACIÓN
Ubicación ES-MaACL
Número de control de estantería L-22793
Sublocalización o colección R.127990
Holdings
Estatus retirado Estado de pérdida Estado de daño No para préstamo Biblioteca de origen Biblioteca actual Ubicación en estantería Fecha de adquisición Fuente de adquisición Total de préstamos Signatura topográfica completa Código de barras Visto por última vez Precio de reemplazo Tipo de ítem Koha
        Biblioteca del Ateneo de Madrid Biblioteca del Ateneo de Madrid Depósito 2 17/01/2008     L-22793 1015907 23/02/2023 23/02/2023 Libro impreso